| 000 | 00479nam a22001097a 4500 | ||
|---|---|---|---|
| 999 |
_c23835 _d23835 |
||
| 003 | NUST | ||
| 005 | 20170613140603.0 | ||
| 008 | 140310b xxu||||| |||| 00| 0 eng d | ||
| 020 |
_a9780521119245 _cAvailable |
||
| 040 |
_aDLC _bDLC _cRCMS |
||
| 082 |
_b002665 _a571.6 RAK |
||
| 100 |
_aVineet Rakesh _92586 |
||
| 245 |
_aAn Introduction to Modeling Of Transport Processes/ _cRakesh Vineet _bApplication to Biomedical Systems |
||
| 260 |
_aNew York _bCambridge University Press _cc2010 |
||
| 300 |
_axxviii,503,p: _bill: _c35,cm. |
||
| 504 | _aincludes index. | ||
| 538 | _iShelf No 1 Row No 5 | ||
| 650 |
_aBiomedical Systems _92587 |
||
| 856 | _3Table of Content Only | ||
| 942 |
_2ddc _cBK |
||